| 000 | 00915cam a22002655a 4500 | ||
|---|---|---|---|
| 005 | 20201128024321.0 | ||
| 008 | 000222t2000 enk frb 001 0 eng d | ||
| 020 | _a0201398524 | ||
| 020 | _a9780201398526 | ||
| 040 |
_aStDuBDS _dUk _dEG-ScBUE _beng |
||
| 082 | 0 | 4 |
_a658.022 _222 _bENT |
| 245 | 0 | 0 |
_aEnterprise and small business : _bprinciples, practice and policy / _cedited by Sara Carter and Dylan Jones-Evans. |
| 260 |
_aHarlow : _bFinancial Times, _c2000. |
||
| 300 |
_axvi, 512 p. : _bill. ; _c24 cm. |
||
| 504 | _aIncludes bibliographical references and index. | ||
| 650 | 7 |
_aSmall Business. _2BUEsh _9253 |
|
| 650 | 7 |
_aManagement. _2BUEsh _9553 |
|
| 651 | _2BUEsh | ||
| 653 |
_bBUSADM _cApril2018 _cMay2018 |
||
| 690 | 7 |
_aManagement and Business Studies _2blcoll |
|
| 700 | 1 |
_aCarter, Sara, _teditor. |
|
| 700 | 1 |
_aJones-Evans, Dylan, _teditor. |
|
| 942 | _2ddc | ||
| 999 |
_c26521 _d26493 |
||